| 000 | 01341 a2200217 4500 | ||
|---|---|---|---|
| 001 | 33387 | ||
| 005 | 20260407155626.0 | ||
| 008 | 260407a1969 arg spa d | ||
| 003 | AR-UNSa-BCEJYS | ||
| 040 |
_aAR-UNSa-BCEJYS _bspa _cAR-UNSa-BCEJYS |
||
| 080 |
_a658.012.4 _xGestión. Dirección. Autoridad. Técnicas y métodos de gestión (gestión del conocimiento, Outsourcing, Benchmarking...) |
||
| 245 | 1 | 0 | _aControl de gestión |
| 250 | _a5a. ed | ||
| 264 | 1 |
_aBilbao : _bEdiciones Deusto _c1969 |
|
| 300 |
_a357 p. _c21 cm. |
||
| 505 | _aI: Introducción al control de gestión : 1. La dirección de la empresa y el control de gestión - 2. Las bases de comparación - 3. La presentación de las estadísticas - 4. Estructura de las operaciones de control de gestión - II: El método del control de gestión: 5. Teoría del control de gestión - 6. La situación comercial - 7. La situación técnica - 8. La situación económica - 9. La situación financiera - III: Estimación de los resultados: 10. El examen de la situación - 11. Resúmenes de datos para el consejo de administración e informes de control de gestión - IV: Conclusiones: 12. Aplicaciones prácticas del control de gestión- Apéndice | ||
| 942 | _cBK | ||
| 590 | _aniveau_biblio:m niveau_hierar:0 | ||
| 100 | 1 | _aRose, T.G. | |
| 700 | 1 | _aIrala Urrutia, Javier | |
| 999 |
_c2347 _d2347 |
||